[Event "Heisinger Winter op 3rd"]
[Site "Essen Heisingen"]
[Date "2003.01.14"]
[Round "3"]
[White "Rehfeldt, Jens"]
[Black "Curic, Drazen"]
[Result "1/2-1/2"]
[WhiteElo "2004"]
[BlackElo "2207"]
[PlyCount "79"]
[EventDate "2003.01.07"]
[EventType "swiss"]
[EventRounds "7"]
[EventCountry "GER"]
[SourceTitle "EXT 2004"]
[Source "ChessBase"]
[SourceDate "2003.11.25"]
[SourceVersion "1"]
[SourceVersionDate "2003.11.25"]
[SourceQuality "1"]

1. e4 e5 2. d4 exd4 3. Qxd4 Nc6 4. Qe3 g6 5. Nc3 Bg7 6. Bd2 Nf6 7. 0-0-0 0-0 8. f3 d5 9. Qf2 dxe4 10. Bg5 Qe8 11. Qh4 Qe5 12. fxe4 Ng4 13. h3 h6 14. Bd2 g5 15. Qe1 Nf6 16. Nf3 Qc5 17. Be3 Qa5 18. Bc4 Be6 19. Bxe6 fxe6 20. Qe2 Qb4 21. a3 Qe7 22. Qc4 Rfe8 23. g4 Nd7 24. Qe2 Nde5 25. Nb5 Ng6 26. h4 a6 27. Nbd4 Nxd4 28. Bxd4 Bxd4 29. Rxd4 gxh4 30. Qe3 Kg7 31. g5 hxg5 32. Nxg5 Rad8 33. c3 Rxd4 34. cxd4 Rf8 35. Rg1 e5 36. d5 Rf6 37. Ne6+ Rxe6 38. dxe6 Qxe6 39. Qg5 Kf7 40. Kb1 1/2-1/2

[Event "Ruhrgebiet Regionalliga 0001"]
[Site "Ruhrgebiet"]
[Date "2000.10.15"]
[Round "2"]
[White "Meyer, Oliver"]
[Black "Rehfeldt, Jens"]
[Result "1-0"]
[WhiteElo "2039"]
[BlackElo "2030"]
[PlyCount "87"]
[EventDate "2000.09.17"]
[EventType "team-tourn"]
[EventRounds "11"]
[EventCountry "GER"]
[SourceTitle "EXT 2024"]
[Source "ChessBase"]
[SourceDate "2023.10.10"]
[SourceVersion "1"]
[SourceVersionDate "2023.10.10"]
[SourceQuality "1"]
[WhiteTeam "Erkenschwick"]
[BlackTeam "Katernberg SF II"]
[WhiteTeamCountry "GER"]
[BlackTeamCountry "GER"]

1. c4 e5 2. Nc3 Bb4 3. e4 Bxc3 4. dxc3 d6 5. g3 Nc6 6. Bg2 Nge7 7. Qe2 0-0 8. Nh3 Qe8 9. 0-0 f5 10. exf5 Bxf5 11. Ng5 Qg6 12. Ne4 Rae8 13. b3 Nd8 14. Ba3 Ne6 15. Rad1 b6 16. b4 Rd8 17. Rfe1 Rf7 18. Rd2 Rdf8 19. Rf1 Qh6 20. h4 Kh8 21. Bc1 Bxe4 22. Qxe4 Qf6 23. Re2 Nd8 24. c5 Qf5 25. cxd6 cxd6 26. Rd1 Qxe4 27. Bxe4 Nc8 28. Bd5 Rc7 29. Rd3 Ne7 30. Bb3 Nb7 31. Bg5 Ng8 32. Bd5 h6 33. Bd2 Nd8 34. Bxg8 Kxg8 35. Rxd6 Re8 36. Rd5 Nf7 37. Re4 Kf8 38. Kg2 Ke7 39. f4 Ke6 40. Rd3 Kf6 41. fxe5+ Nxe5 42. Rd6+ Kf7 43. Rd5 Ng6 44. Rf5+ 1-0